00422 2200169 4500001002100000005001500021035002000036245004500056100001700101250001700118300002800135260003500163082000800198084001400206020002200220650001000242INLIS00000000000039520240616083145 a0010-06240001041 aSi Tori dan Seekor Buaya /cFitria Nelfi0 aFitria Nelfi acetakan ke-1 a67 hlm :bilus ;c21 cm aJakarta :bGaneca Exact,c2007 a813 a813 FIT s a978-979-571-419-4 4aFiksi